| 000 | 01539cam a2200349 a 4500 | ||
|---|---|---|---|
| 999 |
_c29078 _d29077 |
||
| 001 | 16317004 | ||
| 003 | OSt | ||
| 005 | 20170606002808.0 | ||
| 008 | 100701s2011 nyua f 001 0 eng | ||
| 010 | _a 2010027995 | ||
| 020 | _a9780195389722 (pbk. : alk. paper) | ||
| 035 | _a(DNLM)101534735 | ||
| 040 |
_aMMU _cMMU _dMMU _beng |
||
| 042 | _apcc | ||
| 050 | 0 | 0 |
_aRC76 _b.O937 2007 |
| 060 | 1 | 0 | _aWB 39 |
| 082 | 0 | 0 |
_a616.07/54 _222 |
| 245 | 0 | 0 |
_aOxford American handbook of clinical examination and practical skills / _cElizabeth A. Burns, Kenneth Korn, James Whyte IV ; with James Thomas, Tanya Monaghan. |
| 246 | 1 | 3 | _aHandbook of clinical examination and practical skills |
| 260 |
_aNew York, N.Y. : _bOxford University Press, _c2011. |
||
| 300 |
_axxvii, 692 p. : _bill. (some col.) ; _c18 cm. |
||
| 490 | 0 | _aOxford American handbooks in medicine | |
| 500 | _aIncludes index. | ||
| 650 | 0 |
_aPhysical diagnosis _vHandbooks, manuals, etc. |
|
| 650 | 1 | 2 |
_aClinical Medicine _xmethods _vHandbooks. |
| 650 | 2 | 2 |
_aPhysical Examination _vHandbooks. |
| 700 | 1 |
_aBurns, Elizabeth A. _q(Elizabeth Ann), _d1950- |
|
| 700 | 1 | _aKorn, Kenneth. | |
| 700 | 1 |
_aWhyte, James, _cIV. |
|
| 906 |
_a7 _bcbc _corignew _d1 _eecip _f20 _gy-gencatlg |
||
| 942 |
_2lcc _cLOAN LOAN |
||